Which Facebook "Likes" Make You Look Smart (or not)? - Statistics

General Stats
  • This quiz has been taken 347 times
  • The average score is 6 of 20
Answer Stats
Hint Answer % Correct
classical composer Mozart
85%
Tolkien book Lord of the Rings
83%
Harper Lee novel To Kill A Mockingbird
66%
Francis Ford Coppola film The Godfather
55%
school subject Science
51%
weather Thunderstorms
42%
actor with mesmerizing voice Morgan Freeman's Voice
39%
Comedy Central TV show The Daily Show
36%
entertainer/director "Madea" Tyler Perry
36%
Comedy Central TV show The Colbert Report
35%
main character of Vacation films Clark Griswold
16%
Poison musician/personality Bret Michaels
11%
odd-shaped popular junk food Curly Fries
9%
"My Kinda Party" country singer Jason Aldean
6%
lifestyle (think MTV reality shows) I Love Being a Mom
5%
Hillary Scott's country band Lady Antebellum
5%
fashion/cosmetics Sephora
5%
vehicle/lifestyle brand Harley Davidson
4%
fashion/cosmetics Bebe
0%
fashion/cosmetics Chiq
0%
No matching quizzes found
Score Distribution
Percent of People with Each Score
Percentile by Number Answered
Your Score History
You have not taken this quiz